[Event "Frankfurt-ch"]
[Site "Frankfurt"]
[Date "2008.06.09"]
[Round "6"]
[White "Lopez, Victor"]
[Black "Truxa, Barbara"]
[Result "1-0"]
[WhiteElo "1411"]
[BlackElo "1248"]
[PlyCount "89"]
[EventDate "2008.04.28"]
[EventType "swiss"]
[EventRounds "7"]
[EventCountry "GER"]
[SourceTitle "EXT 2009"]
[Source "ChessBase"]
[SourceDate "2008.11.26"]
[SourceVersion "1"]
[SourceVersionDate "2008.11.26"]
[SourceQuality "1"]

1. e4 g6 2. d4 d6 3. Nf3 Bg7 4. Be3 Nf6 5. Nc3 0-0 6. Bd3 Nbd7 7. 0-0 Ng4 8. Bg5 c6 9. Bc4 Re8 10. Re1 Qc7 11. h3 Ngf6 12. Bb3 Nf8 13. Qd2 e5 14. d5 cxd5 15. Bxf6 Bxf6 16. Nxd5 Qd8 17. Nxf6+ Qxf6 18. Rad1 Rd8 19. Re3 Be6 20. c4 Rac8 21. Qe2 h6 22. Nd2 Nd7 23. Rf3 Qh4 24. Nb1 Nf6 25. Nc3 Nh5 26. Qe3 Kg7 27. Nd5 Bxd5 28. Rxd5 Qe7 29. c5 Nf6 30. cxd6 Rxd6 31. Rxd6 Qxd6 32. Qxa7 Rc1+ 33. Kh2 Qb4 34. Rc3 Qxe4 35. Rxc1 Qf4+ 36. g3 Qf3 37. Rc3 Qh5 38. Qxb7 g5 39. Rc7 Ng4+ 40. Kg1 Nf6 41. Rxf7+ Kg6 42. Rg7+ Kf5 43. Bc2+ e4 44. Bxe4+ Nxe4 45. g4+ 1-0

[Event "Frankfurt-ch"]
[Site "Frankfurt"]
[Date "2008.04.28"]
[Round "1"]
[White "Truxa, Barbara"]
[Black "Hausmann, Hans Ulrich"]
[Result "0-1"]
[WhiteElo "1248"]
[BlackElo "1950"]
[PlyCount "40"]
[EventDate "2008.04.28"]
[EventType "swiss"]
[EventRounds "7"]
[EventCountry "GER"]
[SourceTitle "EXT 2009"]
[Source "ChessBase"]
[SourceDate "2008.11.26"]
[SourceVersion "1"]
[SourceVersionDate "2008.11.26"]
[SourceQuality "1"]

1. e4 e6 2. d4 d5 3. Nc3 Bb4 4. e5 c5 5. Nf3 cxd4 6. Nxd4 Qc7 7. Bd2 Qxe5+ 8. Nce2 Bxd2+ 9. Qxd2 Nf6 10. Qb4 Nc6 11. Nxc6 bxc6 12. Qc3 Qxc3+ 13. Nxc3 0-0 14. Bd3 e5 15. f3 Be6 16. 0-0 Nd7 17. g4 Nc5 18. Rad1 Nxd3 19. Rxd3 d4 20. Na4 Bc4 0-1

[Event "Hessen-ch Gr-F 62nd"]
[Site "Hanau"]
[Date "2008.03.22"]
[Round "3"]
[White "Truxa, Barbara"]
[Black "Deller, Yannick"]
[Result "0-1"]
[WhiteElo "1279"]
[BlackElo "1281"]
[PlyCount "98"]
[EventDate "2008.03.21"]
[EventType "swiss"]
[EventRounds "5"]
[EventCountry "GER"]
[SourceTitle "CBM 123 Extra"]
[Source "ChessBase"]
[SourceDate "2008.05.06"]
[SourceVersion "1"]
[SourceVersionDate "2008.05.06"]
[SourceQuality "1"]

1. e4 c5 2. Nf3 d6 3. d4 cxd4 4. Nxd4 Nf6 5. Nc3 e6 6. Bg5 Be7 7. Bd3 a6 8. a4 0-0 9. 0-0 Qc7 10. Bh4 Bd7 11. a5 Nc6 12. Nb3 Rac8 13. Qd2 Ne5 14. Bxf6 Bxf6 15. Rfc1 Ng6 16. Nd1 Bc6 17. c3 Rfd8 18. Qe1 d5 19. exd5 Bxd5 20. Bc2 Bc4 21. Ne3 Bb5 22. Bxg6 hxg6 23. Nd4 Bc6 24. Nxc6 Qxc6 25. Ng4 Rd5 26. Nxf6+ gxf6 27. Rd1 Rcd8 28. Rxd5 Qxd5 29. h3 Qd2 30. Qxd2 Rxd2 31. Rb1 Kf8 32. Kf1 Ke7 33. Ke1 Rc2 34. g3 Kd6 35. Rd1+ Kc6 36. Rd2 Rc1+ 37. Rd1 Rxd1+ 38. Kxd1 Kb5 39. b4 Kc4 40. Kc2 f5 41. f4 f6 42. h4 e5 43. fxe5 fxe5 44. Kd2 e4 45. Ke3 Kxc3 46. Kf4 Kd3 47. Kg5 e3 48. Kxg6 e2 49. Kxf5 e1Q 0-1